|
|
|
|
| LEADER |
00566cam a2200169ua 4500 |
| 020 |
|
|
|a 81-88237-97-3
|
| 082 |
1 |
4 |
|a 660.6
|b BIO
|
| 100 |
1 |
|
|a Maheswari, D K ,Ed .
|
| 245 |
0 |
0 |
|a Biotechnological applications of microorganisms: a techno-commercial approach /
|
| 260 |
|
|
|a New Delhi :
|b I K International ,
|c 2006.
|
| 300 |
|
|
|a 400p ;
|
| 650 |
|
0 |
|a Biotechnology
|
| 700 |
|
|
|a Dubey,R C,Ed.
|
| 700 |
|
|
|a Kang,S C,Ed.
|
| 942 |
|
|
|c BK
|
| 999 |
|
|
|c 31445
|d 31445
|
| 952 |
|
|
|0 0
|1 0
|4 0
|6 660_600000000000000_BIO
|7 0
|9 40287
|a KU
|b KU
|d 2015-07-05
|l 2
|o 660.6 BIO
|p LS00870
|r 2019-04-02
|s 2019-04-01
|y BK
|